Countries That Have Won Eurovision More than Once - Sudden Death - Statistics

General Stats
  • This quiz has been taken 3,101 times
  • The average score is 8 of 15
Answers on the Grid
Answers color-coded by a green-red scale on the quiz's grid according to % correct below.
Armenia
Austria
Azerbaijan
Belgium
Cyprus
Czechia
Denmark
Estonia
Finland
France
Germany
Greece
Hungary
Iceland
Ireland
Israel
Italy
Latvia
Lithuania
Luxembourg
Malta
Monaco
Netherlands
Norway
Poland
Portugal
Russia
Serbia
Spain
Sweden
Switzerland
Turkey
Ukraine
United Kingdom
Yugoslavia
 
Answer Stats
Answer % Correct
France
67%
Sweden
64%
Austria
63%
Italy
61%
Germany
60%
United Kingdom
60%
Ireland
59%
Israel
55%
Switzerland
53%
Ukraine
53%
Netherlands
50%
Denmark
49%
Luxembourg
48%
Spain
48%
Norway
45%
No matching quizzes found
Score Distribution
Percent of People with Each Score
Percentile by Number Answered
Your Score History
You have not taken this quiz